000 00658nam a2200157 4500
999 _c16413
_d16413
008 220207b ||||| |||| 00| 0 eng d
022 _a0893-8989
082 _aDPer 363.205 P75 Sept 2013-May 2016 v. 37 & 40, n. 9-11/1-5
100 _aMurgado, Amaury.
_943871
245 _aHow to choose a helicopter for your agency:
_bfocus on the missions you need accomplished before picking a model/
_cAmaury Murgado.
260 _aCalifornia:
_bBobit Business Media,
_c©Sept 2013-May 2016.
300 _av40 n2, page 16-21;
_billustrations:
_c27 cm.
500 _aPolice: the law enforcement.
650 _aPolice
_xEquipment and supplies.
_943834
942 _2ddc
_cPER